banner-ar

Integration of Details of European Classical Architecture : (Record no. 60741)

MARC details
000 -الفاتح
حقل البيانات ثابتة الطول 00556nam a22001697a 4500
005 - وقت وتاريخ اخر تعامل مع التسجيلة
رقم الضبط 20240530110425.0
008 - عناصر البيانات ثابتة الطول - معلومات عامة
حقل البيانات ثابتة الطول 150323s2012 xxuapo f 000 0 eng d
020 ## - الرقم الدولى المعيارى للكتب
الرقم الدولى المعيارى للكتاب 9787535647122
040 ## - مصدر الفهرسة
وكالة الفهرسة الأصلية EG-CaGPL
وكالة النسخ EG-CaGPL
082 04 - رقم تصنيف ديوى العشرى
رقم الطبعة 21
رقم التصنيف 720.94\
رقم المادة T I
245 00 - بيان العنوان
العنوان Integration of Details of European Classical Architecture :
بقية العنوان From Ancient Roman Palace to Modern Residence /
بيان المسئوليه,etc Tang Art Design &Information Group Limited
300 ## - الوصف المادى
التعداد 3 v. :
تفاصيل ماديه اخرى للوعاء ill ;
أبعاد الوعاء 30 cm.
710 0# - المدخل الاضافى - اسم هيئه
اسم الهيئة أو اسم السلطة كمدخل Tang Art Design
710 0# - المدخل الاضافى - اسم هيئه
اسم الهيئة أو اسم السلطة كمدخل Information Group Limited
942 ## - عناصر المدخل الإضافي( كوها)
مصدر التصنيف او مخطط الترفيف Dewey Decimal Classification
Koha [default] item type كتاب
Holdings
حالة التراجع حالة الفقد مصدر التصنيف او خطة الترفيف حالة تلف ليس للاعارة المكان المؤقت الموقع الحالى تاريخ الاكتساب اجمالي اﻻعارات رقم الطلب الباركود تاريخ اخر مشاهدة تاريخ تفعيل السعر نوع وعاء كوها
    ddc     مكتبة القاهرة الكبرى مكتبة القاهرة الكبرى 03/23/2015   720.94\ T I 159849 03/23/2015 03/23/2015 كتاب
    ddc     مكتبة القاهرة الكبرى مكتبة القاهرة الكبرى 03/23/2015   720.94\ T I 159850 03/23/2015 03/23/2015 كتاب
    ddc     مكتبة القاهرة الكبرى مكتبة القاهرة الكبرى 03/23/2015   720.94\ T I 159851 03/23/2015 03/23/2015 كتاب

Powered By

EGPV